Príklady dobrej praxe sociálneho podnikania – inšpirácia pre Slovensko

Sociálna ekonomika ako nový sektor hospodárstva, ktorý reaguje na problémy spoločnosti najmä v sociálnej oblasti. Poskytuje pomoc sociálne znevýhodneným alebo vytvára pracovné miesta pre nezamestnané osoby. Francúzsko pokladáme za kolísku rozvoja konceptu sociálnej ekonomiky a jej nástroje v Španiel...

Full description

Saved in:
Bibliographic Details
Main Author: Pongrácz, Eva, 1971-
Format: Book Chapter
Language:Slovak
Subjects:
Tags: Add Tag
No Tags, Be the first to tag this record!

MARC

LEADER 00000nla a2200000 4500
001 0208321
005 20240502073449.9
041 0 |a slo 
044 |a SK 
245 1 0 |a Príklady dobrej praxe sociálneho podnikania – inšpirácia pre Slovensko  |c Eva Pongrácz 
520 |a Sociálna ekonomika ako nový sektor hospodárstva, ktorý reaguje na problémy spoločnosti najmä v sociálnej oblasti. Poskytuje pomoc sociálne znevýhodneným alebo vytvára pracovné miesta pre nezamestnané osoby. Francúzsko pokladáme za kolísku rozvoja konceptu sociálnej ekonomiky a jej nástroje v Španielsku a Taliansku sa tešia veľkej podpore. Zakladajú sa iniciatívy, ktorých prvoradým cieľom je sociálna misia pri súčasnom vytváraní zisku potrebného na prežitie v konkurenčnom boji. Je to prejav zmiernenia kapitálu a práce, demokratického rozhodovania a riadenia podniku, ktorý vytvára sociálne pridanú hodnotu pre všetkých zainteresovaných. 
610 2 0 |a ekonomika sociálna 
610 2 0 |a podnik sociálny 
610 2 0 |a podnikanie sociálne 
610 2 0 |a vylúčenie sociálne 
610 2 0 |a Francúzsko 
100 1 |a Pongrácz, Eva, 1971-